[Event "Rhodes Summer Cup"]
[Site "Rhodes"]
[Date "2024.06.23"]
[Round "2"]
[White "Kotronias, Vasilios"]
[Black "Rigopoulos Tsigkos, Alexandros"]
[Result "1-0"]
[WhiteElo "2415"]
[BlackElo "2039"]
[PlyCount "139"]
[EventDate "2024.06.22"]
[EventType "swiss"]
[EventRounds "9"]
[EventCountry "GRE"]
[SourceTitle "CBM 220 Extra"]
[Source "ChessBase"]
[SourceDate "2024.07.31"]
[SourceVersion "1"]
[SourceVersionDate "2024.07.31"]
[SourceQuality "1"]

1. e4 c5 2. Nf3 e6 3. d4 cxd4 4. Nxd4 a6 5. Bd3 Bc5 6. Nb3 Be7 7. Qg4 Bf6 8. 0-0 d6 9. Nc3 Nc6 10. Qh5 g6 11. Qe2 Bg7 12. Be3 Nge7 13. Qd2 0-0 14. Bh6 d5 15. Bxg7 Kxg7 16. exd5 Nxd5 17. Be4 Nxc3 18. Qxc3+ Qf6 19. Qxf6+ Kxf6 20. Rfd1 Ke7 21. f4 Rd8 22. Bxc6 bxc6 23. c4 Rb8 24. Rxd8 Kxd8 25. Rd1+ Kc7 26. Rd2 Rb4 27. Rc2 a5 28. Nc5 Kd6 29. Nd3 Rb7 30. Kf2 f6 31. Rd2 Ke7 32. Nc5 Ra7 33. b3 Ra8 34. Ke3 Ra7 35. g4 Ba6 36. a4 Bc8 37. g5 e5 38. gxf6+ Kxf6 39. Ne4+ Ke7 40. fxe5 Bf5 41. Nc5 h5 42. h4 Ra8 43. Rd6 Rc8 44. Rf6 Bc2 45. Re6+ Kf7 46. Rf6+ Ke7 47. Kd2 Bf5 48. Kc3 Rf8 49. Rxc6 g5 50. hxg5 h4 51. Rh6 h3 52. g6 Rg8 53. Rh7+ Ke8 54. Nb7 Be6 55. Rh6 Kf8 56. Nc5 Kg7 57. Rh4 Bf5 58. Ne4 Bxe4 59. Rxe4 h2 60. Re1 Rh8 61. Rh1 Kxg6 62. Kd4 Kf5 63. Kd5 Rd8+ 64. Kc5 Rd2 65. Kb5 Kxe5 66. Kxa5 Kd4 67. Kb4 Kd3 68. a5 Ke3 69. a6 Ra2 70. a7 1-0